State Mergers that Formed New Nations Quiz - Statistics

General Stats
  • This quiz has been taken 39 times
    14 since last reset
  • The average score is 18 of 33
Answer Stats
Components Year Answer % Correct
Delaware, Pensylvania, New Jersey, Georgia, Connecticut, Massachusetts, Maryland, South Carolina, New Hampshire, Virginia, New York, North Carolina and Rhode Island 1786–1788 United States of America
100%
The States of South Carolina, Mississippi, Florida, Alabama, Georgia, Louisiana, Texas, the Commonwealth of Virginia, and the states of Arkansas, North Carolina, and Tennessee 1861 Confederate States of America
89%
The North German Confederation, the Kingdom of Bavaria, the Kingdom of Württemberg, the Grand Duchy of Baden, the Grand Duchy of Hesse and Alsace-Lorraine 1871 German Empire
89%
The Kingdom of Sardinia, The Papal States, The Grand Duchy of Tuscany, The Duchy of Parma, The Duchy of Modena and Reggio, The Kingdom of the Two Sicilies and The Kingdom of Lombardy–Venetia 1861–1870 Kingdom of Italy
89%
Byelorussian SSR, Russian SFSR, Transcaucasian SFSR and Ukrainian SSR 1922 Union of Soviet Socialist Republics
89%
The Kingdoms of England, Scotland and Ireland 1801 United Kingdom of Great Britain and Ireland
89%
The Austrian Empire and the Kingdom of Hungary 1867 Austro-Hungarian Empire
78%
Western _____, South _____, Queensland, New South Wales, Victoria and Tasmania 1901 Commonwealth of Australia
78%
Kingdom of Serbia, Kingdom of Montenegro and the State of Slovenes, Croats and Serbs 1918 Kingdom of Yugoslavia
78%
El Salvador, Honduras, Nicaragua, Guatemala, Los Altos and Costa Rica 1823 Federal Republic of Central America
67%
The Crowns of Castille, Aragon and Portugal 1580 Iberian Union
67%
The Kingdoms of England and Scotland 1707 Kingdom of Great Britain
67%
The Kingdom of Poland and The Grand Duchy of Lithuania 1569 Polish–Lithuanian Commonwealth
67%
The United Provinces of New Granada, the Second Republic of Venezuela and the Free Province of Guayaquil 1819 Gran Colombia
56%
The Federation of Malaya, the Crown Colonies of North Borneo and Sarawak, and the Republic of Singapore 1963 Malaysia
56%
The Crowns of Castile, Aragon and the Kingdom of Navarre 1512 Monarchy of Spain
56%
The Emirates of Abu Dhabi, Dubai, Sharjah, Ajman, Umm al-Qaiwain, Fujairah, Ras Al Khaimah 1971 United Arab Emirates
56%
The Principalities of Wallachia and Moldavia 1862 United Principalities of Wallachia and Moldavia
56%
The Republic of Tanganyika and the People's Republic of Zanzibar 1964 United Republic of Tanzania
56%
The Viceroyalty of New Spain and the Captaincy General of Guatemala 1821 First Mexican Empire
44%
Kingdom of Italy and the Duchies of Lower Lorraine, Upper Lorraine, Saxony, Thuringia, Franconia, Swabia, Bavaria 962 Holy Roman Empire
44%
The Kingdom of Prussia, the Kingdom of Saxony, the Grand Duchy of Hesse, the Grand Duchy of Mecklenburg-Schwerin, the Grand Duchy of Mecklenburg-Strelitz, the Grand Duchy of Oldenburg, the Duchy of Saxe-Weimar-Eisenach, the Duchy of Anhalt, the Duchy of Brunswick, the Duchy of Saxe-Altenburg, Saxe-Coburg-Gotha, the Duchy of Saxe-Meiningen and various other small principalities and free cities 1866 North German Confederation
44%
Peru and Bolivia 1829 Peru–Bolivian Confederation
44%
Senegal and The Gambia 1982 Senegambia Confederation
44%
Uri, Schwyz and Unterwalden 1307 Swiss Confederation
44%
The Republic of Egypt and the Syrian Republic 1958 United Arab Republic
44%
Democratic Republic of Armenia, Azerbaijan Democratic Republic and Democratic Republic of Georgia 1918 Transcaucasian Democratic Federative Republic
33%
The Hashemite Kingdom of Iraq and the Hashemite Kingdom of Jordan 1958 Hashemite Arab Federation
22%
Duchies of Lorraine, Saxony, Thuringia, Franconia, Swabia, Bavaria 911 Kingdom of Germany
22%
Bosnia and Herzegovina, the Kingdom of Croatia-Slavonia, the Duchy of Carniola and the Kingdom of Dalmatia 1918 State of Slovenes, Croats and Serbs
22%
The Republic of Indonesia, East Indonesia, East Sumatra, Madura, Pasundan, South Sumatra, East Java, West Borneo, East Borneo, Great Dayak, Bandjar, Southeast Borneo Federation, Bangka, Biliton, Riau, and Central Java 1949–1950 United States of Indonesia
22%
Libya, Egypt and Syria 1972 Federation of Arab Republics
11%
The Arab Republic of Egypt, the Syrian Republic and the Mutawakkilite Kingdom of Yemen 1958 United Arab States
11%
No matching quizzes found
Score Distribution
Percent of People with Each Score
Percentile by Number Answered
Your Score History
You have not taken this quiz since the last reset